000 00381nam a22001577a 4500
003 OSt
005 20250510105044.0
008 250510b |||||||| |||| 00| 0 eng d
020 _a9789354491047
040 _cIIMT ENGINEERING COLLEGE
100 _aSTEINBACH TAN
245 _aDATA MINING
260 _aNEW DELHI
_bPEARSON PUB
_c03/05/25
300 _a856
942 _2ddc
_c01
_e2 ED
999 _c65571
_d65571